000 00476nam a2200181Ia 4500
005 20250317130639.0
008 008 250317s9999 xx 000 0 eng d
037 _aTextbook
040 _aFMSL
_beng
_cFMSL
041 _aeng
_2eng
084 _qFMSL
100 _aShashi Kumar
_9398747
245 0 _aManpower profile India: Yearbook
260 _aI
_bI, A M R Delhi
_c1994
300 _a312p
942 _cTB
999 _c1264673
_d1264673